000 00232nam a2200109Ia 4500
008 190216s9999||||xx |||||||||||||| ||und||
100 _aKatyal J C
245 0 _aCost Accounting
260 _bNull
_c1989
300 _a829p
942 _cBK
999 _c5422
_d5422